The sinhala peasant in a changing socety : (Record no. 4444)
[ view plain ]
| 000 -LEADER | |
|---|---|
| fixed length control field | 00489nam a2200157Ia 4500 |
| 005 - DATE AND TIME OF LATEST TRANSACTION | |
| control field | 20250214035838.0 |
| 008 - FIXED-LENGTH DATA ELEMENTS--GENERAL INFORMATION | |
| fixed length control field | 240331s9999 xx 000 0 und d |
| 082 ## - DDC Classification | |
| Class No. | 954.93 |
| Item Number - Author Mark | THE |
| 100 ## - MAIN ENTRY--PERSONAL NAME | |
| Personal name | Hettiarachchy, T |
| 245 #4 - TITLE STATEMENT | |
| Title | The sinhala peasant in a changing socety : |
| Remainder of title | ecological change among the sinhala peasants from 1796A.D. to 1909 A.D. |
| 260 ## - PUBLICATION, DISTRIBUTION, ETC. | |
| Place of publication, distribution, etc. | Colombo |
| Name of publisher, distributor, etc. | Lake House Investments Ltd |
| Date of publication, distribution, etc. | 1982 |
| 300 ## - PHYSICAL DESCRIPTION | |
| Extent (e.g. Volumes, Pages etc.) | Xi, 147 p ., |
| 650 ## - SUBJECT ADDED ENTRY--TOPICAL TERM | |
| Topical term or geographic name entry element | Cultivation |
| 650 ## - SUBJECT ADDED ENTRY--TOPICAL TERM | |
| Topical term or geographic name entry element | Historical |
| 942 ## - Koha item type (Biblio) | |
| Koha item type | Books in Stacks (Lending) |
| Lost status | Damaged status | Collection code | Home library | Current library | Shelving location | Date acquired | Full call number | Accession Number | Item type |
|---|---|---|---|---|---|---|---|---|---|
| Lending | WERC Library | WERC Library | Social Science Cupboard | 03/31/2024 | 954.9 | 5735 | Books in Stacks (Lending) |
